Consecutive interpreting : (Record no. 27610)
[ view plain ]
| 000 -LEADER | |
|---|---|
| fixed length control field | 01735cam a22002895a 4500 |
| 001 - CONTROL NUMBER | |
| control field | 20603161 |
| 003 - CONTROL NUMBER IDENTIFIER | |
| control field | EG-ScBUE |
| 005 - DATE AND TIME OF LATEST TRANSACTION | |
| control field | 20190911102344.0 |
| 008 - FIXED-LENGTH DATA ELEMENTS--GENERAL INFORMATION | |
| fixed length control field | 180727s2019 enka f b 001 0 eng d |
| 020 ## - INTERNATIONAL STANDARD BOOK NUMBER | |
| Cancelled/invalid ISBN | 9781138123243 (pbk.) |
| 040 ## - CATALOGING SOURCE | |
| Original cataloging agency | DLC |
| Language of cataloging | eng |
| Description conventions | rda |
| Transcribing agency | DLC |
| Modifying agency | DLC |
| -- | EG-ScBUE |
| 082 04 - DEWEY DECIMAL CLASSIFICATION NUMBER | |
| Classification number | 418.02 |
| Item number | GIL |
| Edition number | 22 |
| 100 1# - MAIN ENTRY--PERSONAL NAME | |
| Personal name | Gillies, Andrew, |
| Dates associated with a name | 1971- |
| Relator term | author. |
| 9 (RLIN) | 40651 |
| 245 10 - TITLE STATEMENT | |
| Title | Consecutive interpreting : |
| Remainder of title | a short course / |
| Statement of responsibility, etc | Andrew Gillies. |
| 264 #1 - PUBLICATION, DISTRIBUTION, ETC. (IMPRINT) | |
| Place of publication, distribution, etc | Abingdon ; |
| -- | New York : |
| Name of publisher, distributor, etc | Routledge / Taylor & Francis Group, |
| Date of publication, distribution, etc | 2019. |
| 300 ## - PHYSICAL DESCRIPTION | |
| Extent | viii, 259 pages : |
| Other physical details | illustrations ; |
| Dimensions | 25 cm. |
| 336 ## - CONTENT TYPE | |
| Content type term | text |
| Content type code | txt |
| Source | rdacontent |
| 337 ## - MEDIA TYPE | |
| Media type term | unmediated |
| Media type code | n |
| Source | rdamedia |
| 338 ## - CARRIER TYPE | |
| Carrier type term | volume |
| Carrier type code | nc |
| Source | rdacarrier |
| 490 0# - SERIES STATEMENT | |
| Series statement | Translation practices explained |
| 504 ## - BIBLIOGRAPHY, ETC. NOTE | |
| Bibliography, etc | Includes bibliographical references (pages 251-256) and index. |
| 520 ## - SUMMARY, ETC. | |
| Summary, etc | Consecutive Interpreting: A Short Course provides a step-by-step guide to consecutive interpreting. This user-friendly coursebook tackles key skills such as presentation, analysis, note-taking and reformulation, as well as advanced market-related skills such as preparation for assignments, protocol and practical tips for working interpreters. Each chapter provides examples of the skill, as well as a variety of exercises to learn the skill both in isolation and then in combination with other skills. Including model answers, a glossary of terms and further reading suggestions, this is the essential coursebook for all studentsof consecutive interpretingas well as forinterpreter-trainers looking for innovative ways of teaching consecutive interpreting. |
| 650 #7 - SUBJECT ADDED ENTRY--TOPICAL TERM | |
| Topical term or geographic name as entry element | Consecutive interpreting. |
| Source of heading or term | BUEsh |
| 653 ## - INDEX TERM--UNCONTROLLED | |
| Resource For college | Humanities: English |
| Arrived date list | September2019 |
| 655 ## - INDEX TERM--GENRE/FORM | |
| Form subdivision | Reading book |
| 942 ## - ADDED ENTRY ELEMENTS (KOHA) | |
| Source of classification or shelving scheme | Dewey Decimal Classification |
| Koha item type | Book - Borrowing |
| Withdrawn status | Lost status | Source of classification or shelving scheme | Damaged status | Not for loan | Collection code | Home library | Current library | Shelving location | Date acquired | Source of acquisition | Cost, normal purchase price | Total Checkouts | Full call number | Barcode | Date last seen | Cost, replacement price | Price effective from | Koha item type |
|---|---|---|---|---|---|---|---|---|---|---|---|---|---|---|---|---|---|---|
| Dewey Decimal Classification | Baccah | Central Library | Central Library | Second Floor | 11/09/2019 | Purchase | 1320.00 | 418.02 GIL | 000048052 | 15/07/2025 | 1650.00 | 11/09/2019 | Book - Borrowing |